| 000 | 00000nam##2200000za#4500 |
| 001 | 9.519425 |
| 003 | CaOODSP |
| 005 | 20210615083016 |
| 007 | ta |
| 008 | 150406|1991||||xxc||||| f|0| 0 fre|d |
| 020 | |a0-660-56505-6 |
| 022 | |a0706-148X |
| 040 | |aCaOODSP|bfre |
| 041 | |aeng |
| 041 | |afre |
| 043 | |an-cn--- |
| 086 | 1 |aS52-2/206 |
| 110 | 1 |aCanada.|bSecrétariat d'État du Canada. |bBureau de la traduction. |
| 245 | 10|aVocabulaire du langage Ada / |cpar Noël Lazure. |
| 260 | |aOttawa - Ontario : |bSecrétariat d'État du Canada. |c1991. |
| 300 | |a217p. : |c22 cm. |
| 490 | 1 |aBulletin de terminologie|x0706-148X|v206 |
| 504 | |aBibliographie. |
| 520 | 3 |aBulletin de terminologie 206. Par Noël Lazure. Ce vocabulaire comprend environ 2 000 entrées, dont 500 s'accompagnent de définitions. Le langage informatique ADA a été défini pour le compte du département de la Défense des États-Unis, qui l'a adopté en 1980 (norme MIL-STD-1815). Il s'est révélé un outil des plus efficaces, notamment dans le domaine du génie logiciel. Utilisé par l'armée et par l'industrie, il s'annonce déjà comme le langage universel de l'avenir. |
| 546 | |aBilingue |
| 563 | |aCouverture souple |
| 590 | |a91-49|b1991-12-06 |
| 691 | 07|aOrdinateur|2gcpds |
| 691 | 07|aTerminologie|2gcpds |
| 691 | 07|aProgrammation d'ordinateur|2gcpds |
| 720 | 1 |aLazure, Noël |
| 776 | 0#|tAda language vocabulary / |w(CaOODSP)9.590505 |
| 791 | |tAda language vocabulary / |eeng|w(CaOODSP)9.519424 |
| 830 | #0|aBulletin de terminologie,|x0706-148X|v206|w(CaOODSP)9.509599 |